Detalles MARC
| 000 -LÍDER |
| Campo fijo de descripción fija |
01837nam a2200325 i 4500 |
| 001 - NÚMERO DE CONTROL |
| Campo de control |
768714001 |
| 003 - IDENTIFICADOR DEL NÚMERO DE CONTROL |
| Campo de control |
CO-MdFUSB |
| 005 - FECHA Y HORA DE LA ULTIMA TRANSACCIÓN |
| control field |
20220216165942.0 |
| 007 - CAMPO FIJO DE DESCRIPCIÓN FIJA--INFORMACIÓN GENERAL |
| Campo fijo de descripción fija |
ta |
| 008 - ELEMENTOS DE LONGITUD FIJA -- INFORMACIÓN GENERAL |
| Campo fijo de descripción fija -- Información general |
220210t2021 sp |||| |||| 00| 0 spa d |
| 020 ## - NÚMERO INTERNACIONAL NORMALIZADO PARA LIBROS |
| Número Internacional Normalizado del libro |
9788411000048 |
| 040 ## - FUENTE DE CATALOGACIÓN |
| Agencia de catalogación original |
CO-MdFUSB |
| Idioma de catalogación |
spa |
| Agencia que realiza la transcripción |
CO-MdFUSB |
| Agencia que realiza la modificación |
CO-MdFUSBC |
| Convenciones de la descripción |
rda |
| 041 ## - CÓDIGO DE IDIOMA |
| Código de idioma para texto/pista de sonido o título separado |
spa |
| 082 ## - NÚMERO DE CLASIFICACIÓN DECIMAL DEWEY |
| Número de la edición del Dewey |
23 |
| Número de clasificación |
920 |
| Clave de autor-Numero de item |
L951 |
| 100 ## - ASIENTO PRINCIPAL--NOMBRE PERSONAL |
| Nombre personal |
Lugilde, Anxo, |
| Término relacionador |
autor |
| 245 13 - TÍTULO |
| Título del Material |
La vieja compañera : |
| Parte restante del título - Subtitulo |
mis treinta años de lucha contra la depresión. |
| Mención de responsabilidad, etc. |
/ Anxo Lugilde ; prólogo por Jordi Juan. |
| 264 #1 - PRODUCCIÓN, PUBLICACIÓN, DISTRIBUCIÓN, MANUFACTURA, Y COPYRIGHT |
| Lugar de producción, publicación, distribución, manufactura |
Barcelona, España : |
| Nombre del productor, publicador, distribuidor |
Península, |
| Fecha de producción, publicación, distribución, manufactura, o copyright |
[2021] |
| 264 #4 - PRODUCCIÓN, PUBLICACIÓN, DISTRIBUCIÓN, MANUFACTURA, Y COPYRIGHT |
| Fecha de producción, publicación, distribución, manufactura, o copyright |
© 2021 |
| 300 ## - DESCRIPCIÓN FÍSICA |
| Extensión |
270 páginas |
| Dimensiones |
; 22 cm |
| 336 ## - TIPO DE CONTENIDO |
| Fuente |
rdacontent |
| Término de tipo de contenido |
texto |
| Código de tipo de contenido |
txt |
| 337 ## - TIPO DE MEDIO |
| Fuente |
rdamedia |
| Nombre del tipo de medio |
sin mediación |
| Código del tipo de medio |
n |
| 338 ## - TIPO DE SOPORTE |
| Fuente |
rdacarrier |
| Nombre del tipo de soporte |
volumen |
| Código Tipo de soporte |
nc |
| 490 ## - MENCIÓN DE SERIE |
| Mención de serie |
Península |
| 505 ## - NOTA DE CONTENIDO |
| Título |
Así salí del armario de la depresión. |
| -- |
Con la mano izquierda atada a la silla. |
| -- |
Laureano, el Chuchill que vio venir a la Vieja compañera. |
| -- |
Cuando miraba el horario de los trenes sin querer viajar.<br/><br/> |
| -- |
El Ribeiro de la caballería polaca. |
| -- |
Mi Dieppe del Prozac. |
| -- |
Descifrando Enigma en Bucaco. |
| -- |
La línea Maginot de la Falsa Alegre compañera.<br/> |
| -- |
Las Ardenas I, el primer bloqueo cerebral. |
| -- |
Las británicas aguas termales de Ourense. |
| -- |
La operación Barbarroja, la recaída más anunciada. |
| -- |
Pearl Harbour y la alianza total contra la Vieja Compañera. |
| -- |
El Alamein de la cobaya ES-151-003 |
| -- |
Stalingrado, las setas mágicas de la victoria. |
| -- |
Mi batalla de Kursk en el lago de Banyoles. |
| -- |
La caída de II Duce y el adiós a las pastillas. |
| -- |
Mi desembarco de Normandía del Camino de Santiago. |
| -- |
Las Ardenas II, cuando la pandemia me paró la mente. |
| -- |
Alamogordo, mis ocho días internado. |
| 563 ## - NOTA DE ENCUADERNACIÓN |
| Nota de encuadernación |
Rústico |
| 600 #0 - ASIENTO SECUNDARIO DE MATERIA - NOMBRE PERSONAL |
| Nombre personal |
Lugilde, Anxo, |
| Subdivisión general |
Biografías. |
| 700 ## - ASIENTO SECUNDARIO - NOMBRE PERSONAL |
| 9 (RLIN) |
6096 |
| Nombre personal |
Juan, Jordi, |
| Responsabilidad |
prologuista |
| 942 ## - TIPO DE MATERIAL (KOHA) |
| Tipo de Item KOHA |
Libros General |
| 945 ## - INFORMACIÓN LOCAL DEL REGISTRO |
| Catalogador |
JTF-925 |